| 000 | 01140cam a2200157 4500500 | ||
|---|---|---|---|
| 005 | 20260208005927.0 | ||
| 041 | _afre | ||
| 042 | _adc | ||
| 100 | 1 | 0 |
_aMazouer, Charles _eauthor |
| 245 | 0 | 0 | _aALAIN MERCIER, Le Tombeau de la Mélancolie. Littérature et facétie sous Louis XIII. Avec une bibliographie des éditions facétieuses parues de 1610 à 1643. Paris, Champion, 2005 (Lumière classique, 63). Deux vol. 17 × 24 de 1 553 p. |
| 260 | _c2008. | ||
| 500 | _a32 | ||
| 520 | _aLe 9 avril 1845 Victor Hugo écrit au représentant du roi de Suède à Paris, le comte G. C. F. Löwenhjelm en lui confiant deux exemplaires de Notre-Dame de Paris destinés au roi Oscar Ier et au secrétaire perpétuel de l’Académie suédoise, Bernhard von Beskow. Par sa date et son contenu, cette lettre se rattache à la correspondance de Hugo avec Beskow publiée dans le numéro précédent de la RHLF. | ||
| 786 | 0 | _nRevue d'histoire littéraire de la France | 107 | 4 | 2008-02-01 | p. 957f-1012f | 0035-2411 | |
| 856 | 4 | 1 | _uhttps://shs.cairn.info/revue-d-histoire-litteraire-de-la-france-2007-4-page-957f?lang=fr&redirect-ssocas=7080 |
| 999 |
_c1654390 _d1654390 |
||